| 000 | 01585nas a2200265 4500 | ||
|---|---|---|---|
| 999 |
_c64126 _d64126 |
||
| 001 | 768714001 | ||
| 003 | CO-MdFUSB | ||
| 005 | 20190202100511.0 | ||
| 008 | 171116s2017 ck ||||| |||| 00| 0 eng d | ||
| 022 | _a0120-3649 | ||
| 040 |
_aCO-MdFUSB _bspa _cCO-MdFUSB _dCO-MdFUSB |
||
| 041 | _aeng | ||
| 100 |
_aPolanco, Rodrigo _eautor |
||
| 242 | 0 | 0 | _aComprensión de la trilogía de Hans Urs Von Balthasar |
| 245 | 0 | 0 |
_aUnderstanding Von Balthasar’s Trilogy _c/ Rodrigo Polanco |
| 300 |
_aVolumen 67. Número 184 (2017), páginas 411-460 _c: 24 cm. |
||
| 520 | 1 | _aEl artículo expone la estructura de pensamiento de Hans Urs Von Balthasar a partir de la síntesis que este logró en su “Trilogía teológica”: “Estética teológica”, “Teo-dramática” y “Teológica”. Debido a que la Trilogía está basada en los tres trascendentales del ser (belleza, bondad y verdad), este estudio, luego de revisar las fuentes e influencias que recibió Von Balthasar a lo largo de su vida, describe su comprensión de la relación entre filosofía y teología y explica cómo toda la revelación trinitaria se puede expresar muy bien a partir de la manifestación (belleza), donación(bondad) y comprensión (verdad) de Dios. | |
| 650 | 7 |
_aFilosofía y religión _2 _9198 |
|
| 653 | _aHans Urs Von Balthasar | ||
| 653 | _aPensamiento de Hans Urs Von Balthasar | ||
| 653 | _aTeología de Hans Urs Von Balthasar | ||
| 653 | _aTrilogía teológica | ||
| 773 |
_049424 _976244 _gVolumen 67. Número 184 (2017), páginas 411-460 _qPágina 411 _tTheologica Xaveriana |
||
| 942 | _cANA | ||